| 000 | 01491cam a2200361 a 4500 | ||
|---|---|---|---|
| 001 | 11480173 | ||
| 003 | OSt | ||
| 005 | 20170105113125.0 | ||
| 006 | m d | ||
| 007 | cr n | ||
| 008 | 850322s1985 paua sb 10110 eng d | ||
| 020 | _a0803104448 | ||
| 035 | _a(WaSeSS)ssib017449686 | ||
| 040 |
_dWaSeSS _cC |
||
| 050 | 4 |
_aTA418.38 _b.M85 1985 |
|
| 082 | 0 |
_a620.1/126 _219 |
|
| 210 | 1 | 0 | _aMultiaxial fatigue |
| 245 | 0 | 0 |
_aMultiaxial fatigue _h[electronic resource] : _ba symposium / _csponsored by ASTM Committees E-9 on Fatigue and E-24 on Fracture Testing, San Francisco, CA, 15-17 Dec. 1982 ; K.J. Miller and M.W. Brown, editors. |
| 260 | 0 |
_aPhiladelphia, Pa. : _bAmerican Society for Testing and Materials, _cc1985. |
|
| 440 | 0 |
_aASTM special technical publication ; _v853 |
|
| 500 | _a"ASTM publication code number (PCN) 04-853000-30." | ||
| 504 | _aIncludes bibliographies and index. | ||
| 506 | _aLicense restrictions may limit access. | ||
| 650 | 0 |
_aMaterials _xFatigue _xCongresses. |
|
| 700 | 1 | 0 |
_aMiller, K. J. _q(Keith John) |
| 700 | 1 | 0 |
_aBrown, M. W. _q(Michael W.), _d1947- |
| 710 | 2 | 0 | _aASTM Committee E-9 on Fatigue. |
| 710 | 2 | 0 | _aASTM Committee E-24 on Fracture Testing. |
| 773 | 0 | _tASTM Standards and Engineering Digital Library | |
| 856 | 4 | 0 |
_uhttp://www.columbia.edu/cgi-bin/cul/resolve?clio11480173 _zFull text available from ASTM Standards and Engineering Digital Library |
| 910 | _aLibrary of Congress record | ||
| 942 |
_2ddc _cBK |
||
| 999 |
_c34119 _d34119 |
||